Представление документа в формате RUSMARC

Поле Инд. ПП Название Значение
Тип записи a
Библиографический уровень a
001 Контрольный номер 5702a5b8ddac401db5ff2a100694ee41
005 Дата корректировки 20230619142928.3
100 a Данные общей обработки 20230317 ||| 0rusy0189 ca
101 0_ a Язык текста rus
102 a Страна публикации RU
200 1_ f Первые сведения об ответственности Ю.Н. Туганов, В.К. Аулов
a Заглавие Судебная власть в ее ресурсном измерении: Судебному департаменту - двадцать пять лет
b Общее обозначение материала Текст
203 a Вид содержания Текст : электронный
210 1_ d Дата издания 2023
300 a Общие примечания Чтение статьи доступно в Источнике
336 a Примечание о виде электронного ресурса PDF
461 _0 1 2000
a Российское правосудие
463 _0 1 2000
a № 3
b Электронный ресурс
v С. 21-31
1 2101
d 2023
1 0017ebb6765281e4299b77d987754f4bd32
606 a Основная рубрика Право. Юридические науки
x Основная подрубрика Судебная система. Суды
610 0_ a Ключевые слова ВЕРХОВНЫЙ СУД РФ
a Ключевые слова СУДЕБНЫЙ ДЕПАРТАМЕНТ
a Ключевые слова СУДЕБНАЯ ВЛАСТЬ
a Ключевые слова ПРАВОСУДИЕ
a Ключевые слова ВЕЛИКОБРИТАНИЯ
a Ключевые слова РГУП.
700 _1 a Фамилия Туганов
b Имя Ю.Н.
701 _1 a Фамилия Аулов
b Имя В.К.
801 _0 a Страна RU
b Организация РГУП
c Дата составления 20230317
g Правила каталогизации PSBO
801 _1 a Страна RU
b Организация РГУП
c Дата составления 20230317
g Правила каталогизации PSBO
901 t Тип документа b
w Контрольный № источника 7ebb6765281e4299b77d987754f4bd32
905 a Дата ввода 20230317
952 k Публикации кафедры Организации судебной и Правоохранительной деятельности